000 00882nam a2200253 a 4500
003 DO-SdBNP
005 20220824081752.0
007 ta
008 220823e2000 dr a|||gr|||| 001 edspa d
020 _a9789945809435
040 _aDO-SdBNP
_bspa
_cBNPHU
082 _bR173a
245 1 0 _aApacienta mis corderos:
_bdesde un llamado honorable a un compromiso ineludible. /
_cLeonardo Ramírez; Prólogo, Juan Bautista Díaz
260 _a[Santo Domingo] :
_bOlam,
_c2022
300 _a285 p. ;
_bil. ;
_c22 cm.
500 _aIncluye datos biográficos del autor en la contracubierta.
504 _aBibliografía: p. 285
590 _aInventariado 2022 / MF
650 4 _9894
_aLiderazgo Cristiano
_xIglesias Protetantes
_zRepública Dominicana
650 4 _940816
_aLiderazgo en la Biblia
700 1 _aBautista Díaz, Juan
_epról.
_982229
910 _aMFeliz
942 _2ddc
_cLBS1
999 _c52309
_d52309